| 000 | 00399nam a22001217a 4500 | ||
|---|---|---|---|
| 082 | _a200 THE | ||
| 100 |
_aMuhammad Abbas Hussain _972688 |
||
| 245 | _aTH-SOF-1742-Classification of White Blood Cells from Microscopic Images | ||
| 260 |
_aISLAMABAD _bNUST COLLEGE OF EME _c2020 |
||
| 650 |
_aMS-COMPUTER ENGINEERING-16 MSTHESIS _972689 |
||
| 700 |
_aSupervisor Dr. Arslan Shoukat _972690 |
||
| 942 | _cCF | ||
| 999 |
_c578688 _d578688 |
||